000 02251cam0 2200469 ib4500
001 BY-MI0012-br121066
005 20250825110826.0
010 ^a978-5-04-198792-3
^bв переплете
^d15 р. 96 к.
100 ^a20250825d2024 d y0rusy50 ca
101 0 ^arus
102 ^aRU
105 ^ay z 000ay
109 ^ama
200 1 ^aА зори здесь тихие...
^eпроза
^e[для среднего школьного возраста]
^fБорис Васильев
^g[художник Екатерина Орехова]
210 ^aМосква
^cЭксмо
^d2024
215 ^a550, [2] с.
^d21 см
225 1 ^aЧитаем по школьным программам
327 1 ^aСодержание: повести : Завтра была война ; А зори здесь тихие... ; роман: В спискас не значился
333 ^a12 +
345 ^93 000 экз.
464 1 ^12001
^aЗавтра была война
464 1 ^12001
^aВ списках не значился
606 ^aВАЕННАЯ ТЭМА
^3BY-NLB-ar5863
^2DVNLB
606 ^aВОЕННАЯ ТЕМА
^3BY-NLB-ar5862
^2DVNLB
606 ^aВАЕННАЯ ПРОЗА
^3BY-NLB-ar3236603
^2DVNLB
606 ^aВОЕННАЯ ПРОЗА
^3BY-NLB-ar3236601
^2DVNLB
606 ^aДЗІЦЯЧАЯ І ЮНАЦКАЯ ЛІТАРАТУРА
^3BY-NLB-ar2691729
^2DVNLB
606 ^aДЕТСКАЯ И ЮНОШЕСКАЯ ЛИТЕРАТУРА
^3BY-NLB-ar2691728
^2DVNLB
608 ^aПРОЗА (лит. произведение)
^3BY-NLB-ar2648148
^2BYGNR
608 ^aПРОЗА (літ. твор)
^3BY-NLB-ar2648149
^2BYGNR
686 ^a84(2=411.2)6
^2rubbk
690 ^a1
^2Base
^9BY-MI0012
^xRSEK
700 1 ^aВасильев
^bБ. Л.
^gБорис Львович
^cписатель
^f1924—2013
^3BY-NLB-ar104792
702 1 ^aОрехова
^bЕ.
^3BY-SEK-ar12576515
^4040
801 0 ^aBY
^bBY-MI0012
^c2025082025
^gRCR
035 ^a(BY-MI0012)BY-MI0012-br121066
899 0 ^aBY-MI0012
^iВ 19
^h84(2=411.2)6